| 000 | 01815nam0a2200349 4500 | ||
|---|---|---|---|
| 001 | RU\NLR\BIBL_A\012501381 | ||
| 005 | 20260405221423.0 | ||
| 035 | _a(NLR Aleph) 012501381 | ||
| 090 |
_a12231243 _c12231243 |
||
| 100 | _a20210412d1884 |||y0rusy50 ca | ||
| 101 | 0 | _arus | |
| 102 | _aRU | ||
| 105 | _ay|||z|||000zy | ||
| 181 | 0 |
_ai _baxxe |
|
| 182 | 0 | _an | |
| 200 | 1 |
_aСладострастие и его последствия _eнаставление для холостых и женатых к счастливой и долголетней супружеской жизни _eс приложением гигиены брачной жизни _fсоставлено по новейшим русским и иностранным источникам практическим врачом М. Р-м |
|
| 203 |
_aТекст _bвизуальный _cнепосредственный |
||
| 210 |
_aС. - Петербург _cТипография А. Каспари _d1884 |
||
| 215 |
_a[4], 367 с. _d22 |
||
| 300 | _aНа корешке авт.: М. Р-в | ||
| 316 |
_aНа 2-й с. обл. наклейка с автогр.: Левкий Жевержеев _5NLR |
||
| 606 | 1 |
_aПоловая жизнь _xГигиена _91176600 _3RU\NLR\AUTH\66472905 |
|
| 606 | 1 |
_aВенерические болезни _91135283 _3RU\NLR\AUTH\66132546 |
|
| 686 | 3 | _aР702 | |
| 686 | 3 | _aР59 | |
| 702 | 1 |
_4220 _7ca _8rus _aР-в _bМ. _cврач _f19 в. _9230023 _3RU\NLR\AUTH\770230079 |
|
| 702 | 1 |
_4390 _8rus _7ca _aЖевержеев _bЛ. И. _f1881-1942 _cискусствовед, художник _gЛевкий Иванович _3RU\NLR\AUTH\7799743 _982669 |
|
| 852 |
_aNLR _j17.141.5.13 |
||
| 942 | _cBOOK | ||
| 980 | _aNB | ||